000 00474nam a2200169 i 4500
001 bg
100 1 _aCIOŁKOSZ, Andrzej
_d(1939- ).
245 0 _aInterpretacja zdjęć lotniczych /
_cAndrzej Ciołkosz, Jerzy Miszalski, Jan Olędzki.
260 _aWarszawa,
_c1978.
700 1 _aMISZALSKI, Jerzy
700 1 _aOLĘDZKI, Jan Romuald
_d(1941- ).
040 _cBPK
041 _apol
080 _a91+528:778.3
942 _cKS
008 s pl f |000 0 pol
999 _c17902
_d17902
856 _uhttp://koha.tu.koszalin.pl/cgi-bin/koha/opac-detail.pl?biblionumber=17902
_yKatalog online BPK